|
|
|
|
| LEADER |
00000cam a2200000 a 4500 |
| 001 |
vtls010060920 |
| 003 |
SK-MaSNL |
| 005 |
20260301083511.0 |
| 008 |
240314s2009 xo l f 000 0 cze |
| 015 |
|
|
|a SNBA2010/08-04138
|
| 020 |
|
|
|a 9788089401079
|q (viaz.)
|
| 035 |
|
|
|a 742BC0D3-190A-4339-B3F1-6AC0C2882AA6
|
| 035 |
|
|
|a urn:nbn:sk:snk-amjfmh
|
| 035 |
|
|
|a urn:nbn:sk:snk-am001rnp
|
| 040 |
|
|
|a SNK
|b slo
|c SNK
|e AACR2
|
| 041 |
0 |
|
|a cze
|
| 044 |
|
|
|a xo
|c SK
|
| 072 |
|
7 |
|a 336.7
|x Financie
|2 konspekt
|
| 080 |
|
|
|a 336.71
|2 2001
|
| 080 |
|
|
|a (048.8)
|2 2001
|
| 100 |
1 |
|
|a Kráľ, Miloš,
|d 1952-
|4 aut
|9 402439
|
| 245 |
1 |
0 |
|a Bankovnictví a jeho produkty
|b v systémové integritě: historický nástin jeho vývoje po současnost : z pohledu obchodních bank : z pohledu jejich klientů a výhodnosti pro ně
|c Miloš Kráľ
|
| 260 |
|
|
|a Žilina
|b Georg
|c 2009
|
| 300 |
|
|
|a 265 s.
|b sch.
|c 24 cm
|
| 504 |
|
|
|a Bibliogr. s. 264-265
|
| 650 |
0 |
7 |
|a bankovníctvo
|2 SNKPH
|9 2101
|
| 650 |
0 |
7 |
|a Banking
|2 SNKPHeng
|9 265497
|
| 655 |
|
7 |
|a monografie
|2 SNKPH
|9 70139
|
| 655 |
|
7 |
|a Monographs
|2 SNKPHeng
|9 120675
|
| 852 |
|
|
|a Štátna vedecká knižnica v Banskej Bystrici
|
| 919 |
|
|
|a 978-80-89401-07-9
|
| 958 |
|
|
|a OND
|
| 958 |
|
|
|a NB
|
| 958 |
|
|
|a CZ
|
| 968 |
|
|
|d 33
|
| 999 |
|
|
|c 660693
|d 662623
|
| 952 |
|
|
|a SNK
|b SNK
|y PREZ
|7 0
|p 17A0664170
|o snkSC 140897
|i snk2010/13136
|8 0
|0 0
|1 0
|4 0
|d 2010-06-15
|f 1
|l 0
|r 2025-07-09 00:00:00
|w 2026-02-23
|
| 952 |
|
|
|a SNK
|b SNK
|y VYP
|7 0
|p 17A0664171
|o snkSC 140897 D1
|i snk2010/13138
|8 0
|0 0
|1 0
|4 0
|d 2010-06-15
|l 0
|r 2026-02-23 18:52:29
|w 2026-02-23
|